[Event "ESP-ch U16"]
[Site "Salobrena"]
[Date "2015.07.24"]
[Round "8"]
[White "Navarro Cabrera, Carlos"]
[Black "Lechuga Cabrero, Diego"]
[Result "1-0"]
[WhiteElo "1926"]
[BlackElo "1753"]
[PlyCount "97"]
[EventDate "2015.07.20"]
[EventType "swiss"]
[EventRounds "9"]
[EventCountry "ESP"]
[SourceTitle "EXT 2016"]
[Source "ChessBase"]
[SourceDate "2015.10.08"]
[SourceVersion "1"]
[SourceVersionDate "2015.10.08"]
[SourceQuality "1"]

1. e4 e5 2. Nf3 Nc6 3. Bb5 a6 4. Ba4 Nf6 5. 0-0 b5 6. Bb3 Be7 7. Re1 0-0 8. h3 d6 9. c3 Na5 10. Bc2 c5 11. d4 Qc7 12. Nbd2 Bb7 13. d5 Rac8 14. b3 Rb8 15. Nf1 Bc8 16. Ng3 c4 17. b4 Nb7 18. Nf5 Bxf5 19. exf5 a5 20. a3 axb4 21. axb4 Ra8 22. Rb1 Ra2 23. g4 Nxd5 24. Qxd5 Rxc2 25. Bb2 Qb6 26. Re3 Qa6 27. Qd1 Qa4 28. Ne1 Rxb2 29. Qxa4 bxa4 30. Rxb2 Bg5 31. Ree2 f6 32. Ra2 Ra8 33. Nc2 d5 34. Ne3 Bxe3 35. fxe3 Nd6 36. Kf1 Nb5 37. Rec2 a3 38. Ke1 g6 39. fxg6 hxg6 40. Rc1 Kf7 41. h4 Rh8 42. Rh2 Ra8 43. Kd2 d4 44. exd4 exd4 45. cxd4 Nxd4 46. Kc3 Nb3 47. Rcc2 Rc8 48. Ra2 Ra8 49. Rhc2 1-0

[Event "ESP-ch U16"]
[Site "Salobrena"]
[Date "2015.07.20"]
[Round "2"]
[White "Navarro Cabrera, Carlos"]
[Black "Escudero Manzano, Sergio"]
[Result "1/2-1/2"]
[WhiteElo "1926"]
[BlackElo "2153"]
[PlyCount "101"]
[EventDate "2015.07.20"]
[EventType "swiss"]
[EventRounds "9"]
[EventCountry "ESP"]
[SourceTitle "EXT 2016"]
[Source "ChessBase"]
[SourceDate "2015.10.08"]
[SourceVersion "1"]
[SourceVersionDate "2015.10.08"]
[SourceQuality "1"]

1. c4 Nf6 2. g3 g6 3. Bg2 Bg7 4. Nc3 0-0 5. Nf3 c5 6. 0-0 Nc6 7. d4 cxd4 8. Nxd4 d6 9. Nxc6 bxc6 10. Bxc6 Rb8 11. Bg2 Qa5 12. Qc2 Bb7 13. Bxb7 Rxb7 14. Bd2 Rc8 15. b3 d5 16. Ne4 Qa6 17. Nxf6+ Bxf6 18. Rab1 dxc4 19. bxc4 Rbc7 20. Rfc1 Rxc4 21. Qb3 Rxc1+ 22. Rxc1 Rd8 23. Be3 Kg7 24. Qc4 Qb7 25. f3 a6 26. Qc6 Qb2 27. Qc2 Qa3 28. Kf2 Rd6 29. Bc5 Bd4+ 30. Bxd4+ Rxd4 31. Qc3 Qxc3 32. Rxc3 Ra4 33. a3 Kf6 34. e4 Ke6 35. Ke3 Kd6 36. Kd3 e6 37. Ke3 h6 38. Kd3 f5 39. exf5 gxf5 40. Kc2 h5 41. Kb3 Rd4 42. f4 h4 43. Rc8 hxg3 44. hxg3 Rd3+ 45. Rc3 Rd4 46. Re3 Rd5 47. Kb4 Rb5+ 48. Ka4 Rd5 49. Kb4 Kd7 50. Ka4 Kd6 51. Kb4 1/2-1/2

[Event "Castilla La Mancha Region U16"]
[Site "Horche"]
[Date "2015.03.29"]
[Round "4.3"]
[White "Navarro Cabrera, Carlos"]
[Black "Bueno del Amo, Valentin"]
[Result "1/2-1/2"]
[WhiteElo "1678"]
[BlackElo "1702"]
[PlyCount "135"]
[EventDate "2015.03.27"]
[EventType "swiss"]
[EventRounds "6"]
[EventCountry "ESP"]
[SourceTitle "EXT 2024"]
[Source "ChessBase"]
[SourceDate "2023.10.10"]
[SourceVersion "1"]
[SourceVersionDate "2023.10.10"]
[SourceQuality "1"]

1. e4 e6 2. d4 d5 3. Nd2 c5 4. exd5 Qxd5 5. Ngf3 cxd4 6. Bc4 Qd8 7. 0-0 Nc6 8. Nb3 a6 9. Nbxd4 Nxd4 10. Qxd4 Qxd4 11. Nxd4 Nf6 12. Bf4 Be7 13. Be2 Nd5 14. Bg3 Bf6 15. Rad1 0-0 16. f4 Ne3 17. Rfe1 Nxd1 18. Rxd1 Rd8 19. c3 Bd7 20. Kf2 Rac8 21. Ke3 Bc6 22. Nxc6 Rxc6 23. Rxd8+ Bxd8 24. c4 Bb6+ 25. Ke4 Rd6 26. Be1 Bd4 27. b3 b6 28. b4 f5+ 29. Kf3 Kf7 30. h3 e5 31. fxe5 Bxe5 32. a4 g5 33. g4 f4 34. b5 axb5 35. cxb5 Kf6 36. a5 bxa5 37. Bxa5 Bd4 38. Be1 Bc5 39. Bc3+ Kg6 40. Be1 h5 41. gxh5+ Kxh5 42. Kg2+ Kg6 43. Kf3 Kf5 44. Bc3 Be3 45. Bb4 Rh6 46. Bd3+ Ke5 47. Bc3+ Bd4 48. Bxd4+ Kxd4 49. Bf1 Rh4 50. b6 Rh6 51. b7 Rb6 52. Ba6 Ke5 53. Kg4 Kf6 54. h4 gxh4 55. Kxf4 Rb4+ 56. Kf3 Kg5 57. Kg2 Rb3 58. Kh2 Kf6 59. Kg2 Ke7 60. Kh2 Kd8 61. b8Q+ Rxb8 62. Kh3 Rb4 63. Be2 Ke7 64. Bg4 Kf6 65. Kxh4 Rd4 66. Kg3 Kg5 67. Be2 Rg4+ 68. Bxg4 1/2-1/2

[Event "Castilla La Mancha Region U16"]
[Site "Horche"]
[Date "2015.03.28"]
[Round "3.5"]
[White "Gonzalez Lopez, Pablo I"]
[Black "Navarro Cabrera, Carlos"]
[Result "0-1"]
[WhiteElo "1415"]
[BlackElo "1678"]
[PlyCount "54"]
[EventDate "2015.03.27"]
[EventType "swiss"]
[EventRounds "6"]
[EventCountry "ESP"]
[SourceTitle "EXT 2024"]
[Source "ChessBase"]
[SourceDate "2023.10.10"]
[SourceVersion "1"]
[SourceVersionDate "2023.10.10"]
[SourceQuality "1"]

1. e4 c5 2. Nc3 Nc6 3. Bb5 g6 4. Bxc6 dxc6 5. d3 Bg7 6. Bd2 e5 7. Nge2 Be6 8. b3 Ne7 9. a4 0-0 10. 0-0 f5 11. f3 f4 12. Be1 g5 13. h3 Qe8 14. Kh2 Qh5 15. Ng1 Rf6 16. Qe2 Rh6 17. Qf2 g4 18. fxg4 Bxg4 19. Qxc5 Ng6 20. Qf2 f3 21. Bd2 Nf4 22. Bxf4 exf4 23. Nxf3 Bxc3 24. Rab1 Bxh3 25. Kg1 Bg4 26. Qe2 Bd4+ 27. Rf2 Qh1# 0-1

[Event "Almansa op-B"]
[Site "Almansa"]
[Date "2014.08.05"]
[Round "1"]
[White "Navarro Cabrera, Carlos"]
[Black "Nadal Fajardo, Ricard"]
[Result "0-1"]
[WhiteElo "1616"]
[BlackElo "1941"]
[PlyCount "80"]
[EventDate "2014.08.05"]
[EventType "swiss"]
[EventRounds "9"]
[EventCountry "ESP"]
[SourceTitle "EXT 2019"]
[Source "ChessBase"]
[SourceDate "2018.10.10"]
[SourceVersion "1"]
[SourceVersionDate "2018.10.10"]
[SourceQuality "1"]

1. c4 Nf6 2. Nc3 c6 3. Nf3 d5 4. d3 e6 5. g3 Nbd7 6. Bg2 Be7 7. 0-0 0-0 8. e4 dxc4 9. dxc4 e5 10. Be3 Qc7 11. Nd2 Bc5 12. Qe2 Re8 13. Rab1 a5 14. Na4 Bxe3 15. Qxe3 Nf8 16. c5 Be6 17. Nb6 Rad8 18. Ndc4 Rd4 19. Nd6 Rd8 20. Nf5 Bxf5 21. exf5 N8d7 22. Nxd7 Nxd7 23. Rfe1 Nxc5 24. Qxe5 Qxe5 25. Rxe5 Nd3 26. Rxa5 Kf8 27. Ra3 Ne5 28. Re3 Nc4 29. Re2 Rd1+ 30. Re1 Rxe1+ 31. Rxe1 Nxb2 32. Re2 Nc4 33. Be4 Rd2 34. Rxd2 Nxd2 35. Bc2 Nf3+ 36. Kh1 Ke7 37. Bd1 Nd4 38. g4 c5 39. Bb3 Nxb3 40. axb3 b5 0-1